000 01245nam a22003857a 4500
003 CHAP
005 20220329133410.0
008 971013s1990 r 00010 d
010 _a5906
011 _a6878
035 _a6101
040 _cCHAP
082 _a635.063
_bB4
100 0 0 _aBennett, Alan B.
_911603
245 _aHorticultural biotechnology
_b: Proccedings
260 _aNew York :
_bWiley-Liss,
_c1990
300 _a387 p.
490 _aPlant biology
_v; 11
500 _a60-48
590 _aBATCH-UPD
_b10
_c20130110
_lUCH01
_h0232
590 _aBATCH-UPD
_b10
_c20130110
_lUCH01
_h1611
590 _aBATCH-UPD
_b10
_c20130410
_lUCH01
_h1314
590 _aBATCH-UPD
_b10
_c20130914
_lUCH01
_h0621
590 _aCONVERSION
_b10
_c20130109
_lUCH01
_h1304
650 1 4 _aBiotecnología vegetal.
_912892
650 1 4 _aGermoplasma.
_947766
650 1 4 _aHorticultura
_xCongresos.
_956318
650 1 4 _aIngeniería genética.
_958228
700 0 _aO`Neill, Sharman D.
_984499
830 0 _aPlant biology
_v; 11
_988756
901 _aBK
942 _cLIBRO
949 _a635.063 B4
_bBC
_cLIBRO
_d33724000250494
_eLIBRO
_fc.2
_h83356
_i6101
_si
_t302.00
949 _a635.063 B4
_bBC
_cLIBRO
_d33724000250502
_eLIBRO
_gI.166695
_h82735
_i6101
_si
_t302.00
999 _c5906
_d5906